Paleografia greca e latina / (Record no. 134874)
[ view plain ]
| 000 -LEADER | |
|---|---|
| campo de control de longitud fija | 00792nam a2200253 i 4500 |
| 001 - NÚMERO DE CONTROL | |
| campo de control | 134874 |
| 003 - IDENTIFICADOR DE NÚMERO DE CONTROL | |
| campo de control | ES-MaACL |
| 005 - FECHA Y HORA DE LA ÚLTIMA TRANSACCIÓN | |
| campo de control | 20230906194748.0 |
| 007 - CAMPO FIJO DE DESCRIPCIÓN FÍSICA--INFORMACIÓN GENERAL | |
| campo de control de longitud fija | t| |
| 008 - DATOS DE LONGITUD FIJA--INFORMACIÓN GENERAL | |
| campo de control de longitud fija | 070702s1911 it ||||1| ita d |
| 080 ## - NÚMERO DE LA CLASIFICACIÓN DECIMAL UNIVERSAL | |
| Número de la Clasificación Decimal Universal | 003.341.072 |
| 080 ## - NÚMERO DE LA CLASIFICACIÓN DECIMAL UNIVERSAL | |
| Número de la Clasificación Decimal Universal | 003.344.072 |
| 100 1# - ENTRADA PRINCIPAL--NOMBRE DE PERSONA | |
| Nombre de persona | Thompson, Edward Maude. |
| 9 (RLIN) | 110079 |
| 245 10 - MENCIÓN DEL TÍTULO | |
| Título | Paleografia greca e latina / |
| Mención de responsabilidad, etc. | Edward Maude Thompson ; traduzione dall'inglese con aggiunte e note di Giuseppe Fumagalli. |
| 260 ## - PUBLICACIÓN, DISTRIBUCIÓN, ETC. | |
| Lugar de publicación, distribución, etc. | Milano : |
| Nombre del editor, distribuidor, etc. | [Allegretti], |
| Fecha de publicación, distribución, etc. | 1911. |
| 300 ## - DESCRIPCIÓN FÍSICA | |
| Extensión | XI, 208 p. : |
| Otras características físicas | il. ; |
| Dimensiones | 15 cm. |
| 490 1# - MENCIÓN DE SERIE | |
| Mención de serie | Manuali Hoepli |
| 650 14 - PUNTO DE ACCESO ADICIONAL DE MATERIA--TÉRMINO DE MATERIA | |
| Término de materia o nombre geográfico como elemento de entrada | Paleografía griega. |
| 9 (RLIN) | 15805 |
| 650 14 - PUNTO DE ACCESO ADICIONAL DE MATERIA--TÉRMINO DE MATERIA | |
| Término de materia o nombre geográfico como elemento de entrada | Paleografía latina. |
| 9 (RLIN) | 15806 |
| 700 1# - ENTRADA AGREGADA--NOMBRE PERSONAL | |
| Nombre de persona | Fumagalli, Giuseppe. |
| 9 (RLIN) | 53017 |
| 830 0# - PUNTO DE ACCESO ADICIONAL DE SERIE-TÍTULO UNIFORME | |
| Título uniforme | Manuali Hoepli |
| 9 (RLIN) | 180782 |
| 852 ## - LOCALIZACIÓN | |
| Ubicación | ES-MaACL |
| Número de control de estantería | D-4269 |
| Estatus retirado | Estado de pérdida | Estado de daño | No para préstamo | Biblioteca de origen | Biblioteca actual | Ubicación en estantería | Fecha de adquisición | Fuente de adquisición | Total de préstamos | Signatura topográfica completa | Código de barras | Visto por última vez | Precio de reemplazo | Tipo de ítem Koha |
|---|---|---|---|---|---|---|---|---|---|---|---|---|---|---|
| Biblioteca del Ateneo de Madrid | Biblioteca del Ateneo de Madrid | Sala Valle Inclán | 17/01/2008 | D-4269 | 901140384 | 23/02/2023 | 23/02/2023 | Libro impreso |
